000
00298nam a22001217a 4500
040
_c
SY
082
_a
294
100
_a
DANIEL H
245
_a
Buddhism and deep ecology for protechtion of wild asian elephants in myanmar: a resource gurde
260
_a
NA
_b
DAN
_c
2002
300
_a
75p.
942
_c
EK
999
_c
9823
_d
9823